| 000 | 00759nam a2200241 i 4500 | ||
|---|---|---|---|
| 001 | 143048 | ||
| 003 | ES-MaACL | ||
| 005 | 20250724062613.0 | ||
| 007 | t| | ||
| 008 | 070214m19401950sp af r ||||1| spa d | ||
| 080 | _a001 | ||
| 080 | _a008 | ||
| 245 | 0 | 0 | _aSelección y recuerdo de la Revista de Occidente. |
| 260 |
_aMadrid : _bRevista de Occidente, _c1940-1950. |
||
| 300 |
_a2 v. : _bil. ; _c23 cm. |
||
| 505 | 8 | _aContiene: 1. Artículos científicos - 2. Artículos filosóficos e históricos | |
| 597 | _aEn el v. 1 faltan páginas. | ||
| 630 | 0 | 4 |
_aRevista de Occidente. _9171942 |
| 650 | 7 |
_aCultura _2embne _9170963 |
|
| 710 | 2 |
_aRevista de Occidente. _96445 |
|
| 852 |
_aES-MaACL _jE-15265-66 _xOlim P-831-bis |
||
| 999 |
_c143048 _d143048 |
||